000 00227nam a22000857a 4500
008 160708b xxu||||| |||| 00| 0 eng d
100 _92424
_a Hammett, C.T
245 _aYour Own Book of Campcraft
260 _aN.Y
_b Pocket Books
_c1960
999 _c2099
_d2099